000 00490nam a2200181Ia 4500
005 20250326124856.0
008 250326s9999 xx 000 0 und d
037 _aTextbook
040 _aFMSL
_beng
_cFMSL
041 _aeng
_2eng
084 _aX:8D K61;K8
_qFMSL
100 _aCohen J B
_9736909
245 0 _aFicial manager
_cCohen J B; Robbins S M
260 _aNY
_bNY, Harper & Row
_c1966
300 _a1006p
942 _cTB
_hX:8D K61;K8
999 _c1275592
_d1275592